| 000 | 00399nam a2200169Ia 4500 | ||
|---|---|---|---|
| 999 |
_c54208 _d54208 |
||
| 003 | 0100 | ||
| 005 | 20170922111538.0 | ||
| 008 | 130303s9999 xx 000 0 und d | ||
| 040 | _cARRUPELIB | ||
| 050 | _aJC21.T42 1953 | ||
| 100 |
_aBigongiari, Dino _936126 |
||
| 245 | 4 |
_aThe Political Ideas of ST. Thomas Aquinas _cThomas Aquinas St. edited by Dino Bigongiari |
|
| 260 |
_bHafner Publishing Company _aNew York _c1953 |
||
| 300 |
_axxxviii, 217p. ; _c20cm. |
||
| 650 |
_bPolitical science _936127 |
||
| 650 |
_bLaw _xPhilosophy _910576 |
||
| 650 |
_bJustice _936128 |
||
| 700 |
_aBigongiari, Dino ed. _936023 |
||
| 942 |
_2lcc _cMONOGRAPH |
||